| 000 | 01594nas a2200277Ia 4500 | ||
|---|---|---|---|
| 001 | R050-S3042 | ||
| 003 | IT-CnALBA | ||
| 008 | 170116c99999999xx |||||||||||| ||und|| | ||
| 040 |
_aIT-CnALBA _cIT-CnALBA |
||
| 041 | _aITALIANO | ||
| 100 | _aFALSINI RINALDO, OFM. | ||
| 210 | _aRIVISTA DI PASTORALE LITURGICA | ||
| 222 | _aRIVISTA DI PASTORALE LITURGICA | ||
| 245 | 0 | _aRIVISTA DI PASTORALE LITURGICA. GENNAIO 1972. ORGANO CAL. NUOVO RITO CRESIMA. | |
| 250 | _a1a ed. | ||
| 260 |
_a BRESCIA _bQUERINIANA EDIT. LIBR. VESC. _c1972 |
||
| 300 | _a96 p. | ||
| 310 | _aBIMESTRALE | ||
| 362 | _aFascicolo: 50 / Anno: 10 (1972) | ||
| 500 | _aD'ACQUINO P. CAPRIOLI A. FAMOSO S. GHIDELLI C. RAQUEZ O. CRESIMA. ANTICO E NUOVO RITO. CONTESTO BIBLICO. ORIENTAMENTI DELL'ATTUALE TEOLOGIA E CRESIMA. PER UNA DEGNA CELEBRAZIONE. CATECHESI, LINEE. CATECUMENATO. NELLA LITURGIA BIZANTINA. SIGILLO SPIRITO SANTO IN DONO. TEMPO DI QUARESIMA, CONVERSIONE. OMELIA, SCHEMI. NOTA BIBLIOGRAFICA. RECENSIONI. INDICE ANNATA 1971. | ||
| 501 | _aSocietà San Paolo EM - Piazza San Paolo, 14 - 12051 ALBA (CN) (non commercial uses only) ® Copyright 2017 | ||
| 520 | _aD'ACQUINO P. CAPRIOLI A. FAMOSO S. GHIDELLI C. RAQUEZ O. CRESIMA. ANTICO E NUOVO RITO. CONTESTO BIBLICO. ORIENTAMENTI DELL'ATTUALE TEOLOGIA E CRESIMA. PER UNA DEGNA CELEBRAZIONE. CATECHESI, LINEE. CATECUMENATO. NELLA LITURGIA BIZANTINA. SIGILLO SPIRITO SANTO IN DONO. TEMPO DI QUARESIMA, CONVERSIONE. OMELIA, SCHEMI. NOTA BIBLIOGRAFICA. RECENSIONI. INDICE ANNATA 1971. | ||
| 650 | _aTEOLOGIA PASTORALE | ||
| 942 | _cCR | ||
| 957 | _71 | ||
| 999 |
_a64932 _bNO _g1 _c331628 _d331628 |
||